000 00318nam a2200133Ia 4500
008 240624s9999 xx 000 0 und d
041 _aeng
082 _a823 LAR
100 _aLARSSON STIEG
245 _aGIRL WITH THE DRAGON TATTOO
260 _c2008
_aNew Delhi
_bQuercus
300 _a554 p.; 17 cm.
365 _cRS
999 _c30816
_d30816